| 000 | 00564nam a22001697a 4500 | ||
|---|---|---|---|
| 005 | 20240927055717.0 | ||
| 008 | 240927b |||||||| |||| 00| 0 eng d | ||
| 040 |
_aIN-DiNC _cIN-DiNC |
||
| 041 | _deng | ||
| 082 |
_a030 _bBHA |
||
| 100 |
_aBhattacharyya, Prakritesh _eauthor |
||
| 245 |
_aAn approach to quantitative aptitude and reasoning: _bcombined competitive preliminary examination (ACS and allied services)/ _cby Prakritesh Bhattacharyya |
||
| 260 |
_aGuwahati: _bChandra prakash, _c2021. |
||
| 300 | _a767p. | ||
| 650 | _aGeneral studies | ||
| 942 |
_2ddc _cBK |
||
| 999 |
_c11996 _d11996 |
||